Finish the Famous Fours Quiz Stats

 Plays Quiz Updated May 30, 2016

Challenge
Share
Tweet
Embed
Score 0/24 Timer 06:00
0 Plays Today
First Three Fourth % Correct
Mercury, Venus, Earth...Mars
93.2%
Spades, Hearts, Diamonds...Clubs
92.4%
Fire, Water, Air...Earth
91.4%
Brass, Woodwinds, Strings...Percussion
82%
Utah, Colorado, Arizona...New Mexico
78.8%
Washington, Lincoln, Roosevelt...Jefferson
78.4%
Luke, Matthew, John... Mark
75.4%
England, Scotland, Wales...Northern Ireland
75%
Australian Open, French Open, Wimbledon...US Open
74.9%
French, Italian, Romansh...German
72.3%
Leonardo, Michelangelo, Donatello...Raphael
69.3%
Cyan, Magenta, Black...Yellow
65.8%
First Three Fourth % Correct
Kramer, George, Jerry...Elaine
65.5%
Slytherin, Ravenclaw, Gryffindor...Hufflepuff
65%
Vanuatu, Vatican City, Vietnam...Venezuela
62.6%
Tinky-Winky, Dipsy, Laa-Laa...Po
57.1%
Lion, Tiger, Jaguar...Leopard
53.3%
Redskins, Eagles, Cowboys...Giants
50.3%
Mister Fantastic, Invisible Woman, The Thing...Human Torch
47.2%
Pennsylvania, B & O., Short Line...Reading
46.5%
Frodo, Sam, Pippin...Merry
45%
Hokkaido, Shikoku, Kyushu...Honshu
32.1%
Blinky, Inky, Pinky...Clyde
29.9%
Peter, Ray, Winston...Egon
22%

You're not logged in!

Compare scores with friends on all Sporcle quizzes.
Join for Free
OR
Log In

You Might Also Like...

Show Comments

Extras

Top Quizzes Today


Score Distribution

Your Account Isn't Verified!

In order to create a playlist on Sporcle, you need to verify the email address you used during registration. Go to your Sporcle Settings to finish the process.

Report this User

Report this user for behavior that violates our Community Guidelines.

Details: